University of Toronto, Ontario (2006-2009)

Saved in:  
Bibliographic Details
Main Author: Emmrich, Christoph (Author)
Format: Electronic Article
Language:English
Check availability: HBZ Gateway
Interlibrary Loan:Interlibrary Loan for the Fachinformationsdienste (Specialized Information Services in Germany)
Published: 2009
In: Canadian Journal of Buddhist Studies
Year: 2009, Volume: 5, Pages: 126-127
Online Access: Volltext (lizenzpflichtig)

MARC

LEADER 00000caa a22000002c 4500
001 1838210458
003 DE-627
005 20260224090927.0
007 cr uuu---uuuuu
008 230306s2009 xx |||||o 00| ||eng c
035 |a (DE-627)1838210458 
035 |a (DE-599)KXP1838210458 
040 |a DE-627  |b ger  |c DE-627  |e rda 
041 |a eng 
084 |a 0  |2 ssgn 
100 1 |e VerfasserIn  |0 (DE-588)104841146X  |0 (DE-627)781012589  |0 (DE-576)368142752  |4 aut  |a Emmrich, Christoph 
109 |a Emmrich, Christoph 
245 1 0 |a University of Toronto, Ontario (2006-2009) 
264 1 |c 2009 
336 |a Text  |b txt  |2 rdacontent 
337 |a Computermedien  |b c  |2 rdamedia 
338 |a Online-Ressource  |b cr  |2 rdacarrier 
601 |a Université 
601 |a Toronto 
601 |a Ontario 
773 0 8 |i Enthalten in  |t Canadian Journal of Buddhist Studies  |d Vancouver, British Columbia : Simon Fraser University, David See Chai Lam Centre for International Communication, 2005  |g 5(2009), Seite 126-127  |h Online-Ressource  |w (DE-627)665429991  |w (DE-600)2620396-0  |w (DE-576)348217285  |x 1710-825X  |7 nnas 
773 1 8 |g volume:5  |g year:2009  |g pages:126-127 
856 4 0 |u https://thecjbs.org/archive-document-details/?id=205  |x Verlag  |z lizenzpflichtig  |3 Volltext  |7 1 
951 |a AR 
ELC |a 1 
LOK |0 000 xxxxxcx a22 zn 4500 
LOK |0 001 4283637068 
LOK |0 003 DE-627 
LOK |0 004 1838210458 
LOK |0 005 20230306101430 
LOK |0 008 230306||||||||||||||||ger||||||| 
LOK |0 040   |a DE-Tue135  |c DE-627  |d DE-Tue135 
LOK |0 092   |o n 
LOK |0 852   |a DE-Tue135 
LOK |0 852 1  |9 00 
LOK |0 935   |a ixzs  |a ixzo  |a rwrk 
LOK |0 939   |a 06-03-23  |b l01 
OAS |a 1  |b inherited from superior work 
ORI |a TA-MARC-ixtheoa001.raw 
REL |a 1 
SUB |a REL